000
00222 a2200097 4500
001
3879
100
_a
Merrill, G
245
_a
Dictionary of guided missiles & space flight
260
_a
_b
Van Nost
_c
090
_c
3109
_d
3109
942
_a
NUST-CAE
_c
M
_c
23436
999
_c
238952
_d
238952